|
|
|
|
| LEADER |
00000nab a2200000 a 4500 |
| 001 |
vtls009325339 |
| 003 |
SK-MaSNL |
| 005 |
20260303044810.0 |
| 008 |
140429c2008 xo zr|p|||||||000 b|slo |
| 015 |
|
|
|a SNBRB2008/08
|2 snkbucl
|
| 040 |
|
|
|a SNKBUCL
|b slo
|c SNKBUCL
|e AACR2
|
| 041 |
0 |
|
|a slo
|
| 044 |
|
|
|a xo
|c SK
|
| 080 |
|
|
|a 75.071.2
|2 2001
|
| 100 |
1 |
|
|a Figeľ, Ján,
|d 1960-
|4 aut
|9 105604
|
| 245 |
1 |
0 |
|a Cyril Uhnák
|b "Dunaj je voda, kameň a dejiny"
|c Ján Figeľ
|
| 300 |
|
|
|b Fotogr., obr.
|
| 600 |
1 |
7 |
|a Uhnák, Cyril,
|d 1959-
|2 snkbucl
|9 1034416
|
| 655 |
|
7 |
|a profily
|2 snkbucl
|9 341977
|
| 773 |
0 |
|
|t Parlamentný kuriér
|g Roč. XVI, č. CLIX (2008), s. 66-67
|x 1335-0307
|
| 852 |
|
|
|a SNK
|b KIS3GCP
|
| 856 |
4 |
1 |
|u http://www.parlamentnykurier.sk/kur159-08/66.pdf
|
| 958 |
|
|
|a SK
|
| 958 |
|
|
|a BX
|
| 999 |
|
|
|c 1701549
|d 1703479
|